000 00932nmm a2200313 a 4500
001 ocm000655865
003 TR-IsHL
005 20201028132807.0
008 131030s2009 tu tur
007 cr cn
020 _a9789944995368
035 _a655865
_b(N$T)
050 0 4 _aRG525
_b.A93 2009
090 0 4 _aRG525
_b.A93 2009
100 1 _aAvcı, Fatma
245 1 0 _aAnneliğe yolculuk: hamilelik, doğum ve sonrası
_h[electronic resource] /
_cFatma Avcı
260 _aİstanbul :
_bElit Kültür Yayınları,
_c2009
300 _a329 p.
650 4 _aTıp
650 4 _aMedicine
650 0 _aHamilelik
650 0 _aPregnancy
650 0 _aDoğum
650 0 _aChildbirth
650 0 _aBebek
_x Bakım
650 0 _aInfants
_x Care
650 7 _aHEALTH & FITNESS / Pregnancy & Childbirth
_2bisacsh
856 4 0 _uhttp://search.ebscohost.com/login.aspx?direct=true&scope=site&db=e011xww&AN=655865
999 _c5284
_d5284